LIBRARY ONLINE CATALOGUE

Electronics. : (Record no. 9855)

MARC details
000 -LEADER
fixed length control field 00571cam a22002052 4500
001 - CONTROL NUMBER
control field 0000023542
005 - DATE AND TIME OF LATEST TRANSACTION
control field 20151217152243.0
008 - FIXED-LENGTH DATA ELEMENTS--GENERAL INFORMATION
fixed length control field 130228s xx 000 0 eng d
020 ## - INTERNATIONAL STANDARD BOOK NUMBER
International Standard Book Number 0080966342 :
040 ## - CATALOGING SOURCE
Original cataloging agency KABU
Transcribing agency KABU
050 #0 - LIBRARY OF CONGRESS CALL NUMBER
Classification number TK7815
Item number .B57
100 1# - MAIN ENTRY--PERSONAL NAME
Personal name Bishop, Owen.
-- 0000156405
245 10 - TITLE STATEMENT
Title Electronics. :
Remainder of title circuits and systems.
260 ## - PUBLICATION, DISTRIBUTION, ETC. (IMPRINT)
Place of publication, distribution, etc. Oxford :
Name of publisher, distributor, etc. Elsevier,
Date of publication, distribution, etc. 2011.
300 ## - PHYSICAL DESCRIPTION
Extent ix, 370 p.
650 #0 - SUBJECT ADDED ENTRY--TOPICAL TERM
Topical term or geographic name as entry element Electronic circuits.
-- 0000148505
852 1# - LOCATION
-- p1995 KES
908 ## - PUT COMMAND PARAMETER (RLIN)
Put command parameter 130228
950 ## - LOCAL HOLDINGS (RLIN)
-- 1
Holdings
Withdrawn status Lost status Source of classification or shelving scheme Not for loan Home library Current library Date acquired Total Checkouts Full call number Barcode Date last seen Price effective from Koha item type
    Library of Congress Classification   Kabarak, Main Campus Kabarak, Main Campus 17/12/2015   TK7867 .B57 2011 c. 1 014493 17/12/2015 17/12/2015 General Collection